00478nam a2200181Ia 4500003000400000005001700004008004100021020001500062040000700077041000800084082001300092100002100105245006000126260004500186300001200231365001300243650004000256OSt20230429111735.0210423s1995 xx 000 0 und d a8120410068 cAL aeng a631 PARR aPARODA (R S),Ed. aSustainability of rice wheat production system in Asia. aNew DelhibOxford University Pressc1995 a209bPB b390cINR aAgriculture Techniques & Equipments